| 000 | 00881nas a2200277 4500 | ||
|---|---|---|---|
| 001 | BR2014000526 | ||
| 003 | BR-BrBNA | ||
| 005 | 20231205123625.0 | ||
| 007 | ta | ||
| 008 | 230509b bl.|||p| |||| 00| 00por d | ||
| 040 |
_aBR-BrBNA _bpor _cBiblioteca Nacional de Agricultura |
||
| 041 | _a(Pt) | ||
| 072 | _aH50 | ||
| 100 | 1 | _aViégas, I. de J.M. | |
| 100 | 1 | _aSousa, G.O. de | |
| 100 | 1 | _aSilva, A.F. da | |
| 100 | 1 | _aCarvalho, J.G. de | |
| 100 | 1 | _aLima, M.M. | |
| 245 | 1 | _aComposição mineral e sintomas visuais de deficiências de nutrientes em plantas de pimenta-longa (Piper hispidinervum C. DC.) | |
| 650 | _aNUTRIÇÃO VEGETAL | ||
| 650 | _aDEFICIÊNCIA | ||
| 650 | _aPIMENTA LONGA | ||
| 773 | 0 |
_tActa Amazônica (Brazil) _xISSN 0044-5967 _g(Mar 2013), v. 43(1) p. 45-52 _wBR2014000526 |
|
| 909 |
_a202311 _bLúcia _c55 _dLúcia Elande |
||
| 942 |
_2AGRIS _n0 _cANA |
||
| 999 |
_c234845 _d234845 |
||